| 000 | 00612nam a2200229Ia 4500 | ||
|---|---|---|---|
| 001 | 3747 | ||
| 008 | 080101s1987 ii g b000 u 465 u | ||
| 020 | _a0-471-85223-6 | ||
| 082 | _a512.5 | ||
| 100 | _aAnton , Howard . | ||
| 245 | 0 |
_aElementary Linear Algebra / _cHoward Anton. _hTextual Documents |
|
| 250 | _a5th ed. / | ||
| 260 |
_aNew York : _bJohn Wiley & Sons , _c1987. |
||
| 300 |
_axv, 475, A-48, 16p. ; _c23cm. |
||
| 504 | _aIndex | ||
| 653 | _aMathematics | ||
| 653 | _aLinear Algebra | ||
| 653 | _aAlgebra-Linear | ||
| 653 | _aPG-Mathematics | ||
| 653 | _aDept-Mathematics | ||
| 942 |
_2ddc _cBK |
||
| 999 |
_c3735 _d3735 |
||